MyGZULibrary

Microeconomics / (Record no. 1374)

MARC details
000 -LEADER
fixed length control field 00936cam a22002654a 4500
001 - CONTROL NUMBER
control field 14684735
003 - CONTROL NUMBER IDENTIFIER
control field GZU
005 - DATE AND TIME OF LATEST TRANSACTION
control field 20201013130206.0
008 - FIXED-LENGTH DATA ELEMENTS--GENERAL INFORMATION
fixed length control field 070103s2008 maua b 001 0 eng
010 ## - LIBRARY OF CONGRESS CONTROL NUMBER
LC control number 2007060049
020 ## - INTERNATIONAL STANDARD BOOK NUMBER
International Standard Book Number 9780321610058 (alk. paper)
020 ## - INTERNATIONAL STANDARD BOOK NUMBER
International Standard Book Number 0321610059 (alk. paper)
040 ## - CATALOGING SOURCE
Original cataloging agency DLC
Transcribing agency DLC
Modifying agency DLC
050 00 - LIBRARY OF CONGRESS CALL NUMBER
Classification number HB172
Item number .PAR 2010
100 1# - MAIN ENTRY--PERSONAL NAME
Personal name Parkin, Michael,
Dates associated with a name 1939-
Relator term author
245 10 - TITLE STATEMENT
Title Microeconomics /
Statement of responsibility, etc. Michael Parkin.
250 ## - EDITION STATEMENT
Edition statement 9th ed. (Global edition)
260 ## - PUBLICATION, DISTRIBUTION, ETC.
Place of publication, distribution, etc. Boston, Mass. :
Name of publisher, distributor, etc. Pearson Education,
Date of publication, distribution, etc. c2010.
300 ## - PHYSICAL DESCRIPTION
Extent xxxix, 486, 8, 11, 1 p. :
Other physical details ill. (chiefly col.) ;
Dimensions 26 cm.
504 ## - BIBLIOGRAPHY, ETC. NOTE
Bibliography, etc. note Includes bibliographical references and index.
650 #0 - SUBJECT ADDED ENTRY--TOPICAL TERM
Topical term or geographic name entry element Microeconomics.
906 ## - LOCAL DATA ELEMENT F, LDF (RLIN)
a 7
b cbc
c orignew
d 1
e ocip
f 20
g y-gencatlg
942 ## - ADDED ENTRY ELEMENTS (KOHA)
Source of classification or shelving scheme Library of Congress Classification
Koha item type Books
Edition 9th ed.
Classification part 172
Item part PAR
Call number prefix HB
Holdings
Withdrawn status Lost status Source of classification or shelving scheme Damaged status Not for loan Collection code Home library Current library Shelving location Date acquired Source of acquisition Total Checkouts Full call number Barcode Date last seen Copy number Price effective from Koha item type Inventory number Date last checked out
    Library of Congress Classification     Non-fiction City Campus Library City Campus Library General Stacks 10/06/2015 Book Aid International   HB172 PAR 2010 000164 10/13/2020 c. 1 10/13/2020 Books    
    Library of Congress Classification     Non-fiction Mashava Campus Library Mashava Campus Library General Stacks 10/06/2015 Book Aid International 1 HB172 PAR 2010 000264 08/15/2024 c. 2 10/13/2020 Books 000264 08/06/2024